[Event "65. Offene Kölner Stadtmeisterschaft"]
[Site "Arnoldiplatz 1, 50696 Köln"]
[Date "2025.05.28"]
[Round "1.1"]
[White "Bagrationi, Alexander"]
[Black "Kuhn, Andreas"]
[Result "1-0"]
[WhiteElo "2406"]
[BlackElo "1831"]
[PlyCount "107"]
[EventDate "2025.??.??"]
[WhiteTeam "SV Hemer 1932 e. V."]
[BlackTeam "SG Niederkassel"]

1. d4 Nf6 2. c4 e6 3. Nf3 b6 4. g3 Ba6 5. Qa4 c5 6. Bg2 Bb7 7. dxc5 bxc5 8. O-O
Be7 9. Nc3 O-O 10. Rd1 d6 11. Bf4 Qb6 12. Qb3 Rd8 13. Qxb6 axb6 14. Nb5 d5 15.
Bc7 Rc8 16. Bd6 Nc6 17. Bxe7 Nxe7 18. Nd6 Rc7 19. Ne5 Ng6 20. Nxg6 hxg6 21.
Nxb7 Rxb7 22. cxd5 Nxd5 23. e4 Ne7 24. e5 Nd5 25. Rxd5 exd5 26. Bxd5 Rba7 27.
Bxa8 Rxa8 28. Kf1 Kf8 29. a3 Rd8 30. Re1 Ke7 31. f4 Ke6 32. Ke2 g5 33. fxg5
Kxe5 34. Rf1 f6 35. gxf6 gxf6 36. g4 Rd4 37. Rf5+ Ke6 38. h3 Rc4 39. Ke3 Rc1
40. Kd2 Rb1 41. Kc2 Rg1 42. Rh5 Rg3 43. a4 Kd6 44. Rh7 Ke5 45. Rb7 Rxh3 46.
Rxb6 Rg3 47. a5 Rxg4 48. Kb3 Kd5 49. a6 Rg8 50. Ka4 Rg1 51. Rxf6 Ra1+ 52. Kb5
Ra2 53. Rf2 c4 54. Rd2+ 1-0

[Event "65. Offene Kölner Stadtmeisterschaft"]
[Site "Arnoldiplatz 1, 50696 Köln"]
[Date "2025.05.28"]
[Round "1.2"]
[White "Fiedler, Ralf"]
[Black "Garner, Isaac"]
[Result "0-1"]
[WhiteElo "1812"]
[BlackElo "2399"]
[PlyCount "78"]
[EventDate "2025.??.??"]
[WhiteTeam "SK Bad Sooden-Allendorf"]
[BlackTeam "Hamburger SK von 1830 eV"]

1. c4 e6 2. Nf3 d5 3. b3 d4 4. g3 Nc6 5. Bg2 e5 6. d3 Bb4+ 7. Bd2 a5 8. O-O h6
9. e3 Nf6 10. e4 Bg4 11. a3 Be7 12. h3 Be6 13. Ne1 g5 14. Nc2 Nd7 15. Bc1 Nc5
16. Ne1 a4 17. b4 Nb3 18. Ra2 b5 19. cxb5 Na7 20. Rc2 Nxb5 21. f4 Bd6 22. Qh5
Nxc1 23. Rxc1 Qf6 24. fxe5 Qxe5 25. Nf3 Qxg3 26. e5 Be7 27. Nbd2 Qf4 28. Nc4
Rd8 29. Nfd2 Qg3 30. Ne4 Qxd3 31. Rfd1 Qb3 32. Ned2 Qg3 33. Nf1 Qh4 34. Bc6+
Bd7 35. Qxh4 gxh4 36. Bxb5 Bxb5 37. Nfd2 Rg8+ 38. Kh2 Bg5 39. Rc2 Bf4+ 0-1

[Event "65. Offene Kölner Stadtmeisterschaft"]
[Site "Arnoldiplatz 1, 50696 Köln"]
[Date "2025.05.28"]
[Round "1.3"]
[White "Morawietz, Dieter"]
[Black "Geschke, David"]
[Result "1-0"]
[WhiteElo "2334"]
[BlackElo "1824"]
[PlyCount "61"]
[EventDate "2025.??.??"]
[WhiteTeam "Klub Kölner SF e. V."]
[BlackTeam "SG Porz e. V."]

1. d4 Nf6 2. c4 g6 3. Nc3 Bg7 4. e4 d6 5. Be2 O-O 6. Nf3 e5 7. O-O Nc6 8. d5
Ne7 9. b4 Nh5 10. Re1 f5 11. Bf1 a5 12. bxa5 f4 13. Ba3 h6 14. c5 Rf6 15. Nd2
Bf8 16. Be2 Ng7 17. cxd6 cxd6 18. Nc4 g5 19. Rb1 Ng6 20. Na4 g4 21. Nab6 f3 22.
Nxa8 Nf4 23. Bf1 Ngh5 24. g3 Nxg3 25. hxg3 Qe8 26. Nab6 Qh5 27. Re3 Nh3+ 28.
Bxh3 gxh3 29. Nxc8 h2+ 30. Kh1 Qh3 31. Rxf3 1-0

[Event "65. Offene Kölner Stadtmeisterschaft"]
[Site "Arnoldiplatz 1, 50696 Köln"]
[Date "2025.05.28"]
[Round "1.4"]
[White "Lambertz, Walter"]
[Black "Turgut, Hakan"]
[Result "0-1"]
[WhiteElo "1819"]
[BlackElo "2191"]
[PlyCount "68"]
[EventDate "2025.??.??"]
[WhiteTeam "SV Turm Bergheim 25 e."]
[BlackTeam "Satranç Club 2000 e. V."]

1. e4 c5 2. c4 Nc6 3. Nc3 g6 4. g3 Bg7 5. Nge2 Ne5 6. Nf4 d6 7. h3 e6 8. d3 Ne7
9. Be2 a6 10. a4 N7c6 11. Be3 Nd4 12. Bxd4 cxd4 13. Nb1 a5 14. Nd2 h5 15. h4
O-O 16. Nh3 d5 17. f4 Nc6 18. Ng5 f6 19. Nh3 Nb4 20. Nf2 dxe4 21. Ndxe4 Qc7 22.
O-O e5 23. fxe5 Qxe5 24. Kg2 Bd7 25. Bf3 Rae8 26. Re1 Bh6 27. g4 hxg4 28. Nxg4
Bxg4 29. Bxg4 f5 30. h5 Be3 31. Rxe3 dxe3 32. Qe2 fxe4 33. Qxe3 Nxd3 34. hxg6
Rf2+ 0-1

[Event "65. Offene Kölner Stadtmeisterschaft"]
[Site "Arnoldiplatz 1, 50696 Köln"]
[Date "2025.05.28"]
[Round "1.5"]
[White "Coenen, Michael"]
[Black "Nabhani, Amil"]
[Result "1-0"]
[WhiteElo "2319"]
[BlackElo "1815"]
[PlyCount "45"]
[EventDate "2025.??.??"]
[WhiteTeam "SF Essen-Werden 1924/"]
[BlackTeam "SG Porz e. V."]

1. Nf3 c5 2. b3 d5 3. e3 Nc6 4. Bb5 Bd7 5. Bb2 Nf6 6. O-O e6 7. d3 Be7 8. Nbd2
O-O 9. Qe2 a6 10. Bxc6 Bxc6 11. Ne5 Qc7 12. f4 Rad8 13. Ndf3 Nd7 14. Nxd7 Qxd7
15. Ne5 Qc7 16. Qg4 f5 17. Qe2 Bf6 18. Rae1 b5 19. Rf3 Bb7 20. Rh3 g5 21. Qh5
Qg7 22. fxg5 Bxg5 23. Nf7 1-0

[Event "65. Offene Kölner Stadtmeisterschaft"]
[Site "Arnoldiplatz 1, 50696 Köln"]
[Date "2025.05.28"]
[Round "1.6"]
[White "Knöpfel, Fabian"]
[Black "Grabowski, Pawel"]
[Result "0-1"]
[WhiteElo "1812"]
[BlackElo "2206"]
[PlyCount "68"]
[EventDate "2025.??.??"]
[WhiteTeam "Roter Stern Köln-Mülheim e. V."]
[BlackTeam "SC Remagen-Sinzig e.V."]

1. e4 e5 2. Nf3 Nc6 3. d4 exd4 4. Bc4 Nf6 5. e5 d5 6. Bb5 Ne4 7. Nxd4 Bd7 8.
Bxc6 bxc6 9. O-O Bc5 10. f3 Ng5 11. f4 Ne4 12. Be3 O-O 13. Nd2 Nxd2 14. Qxd2 f6
15. Nb3 Bb6 16. Bc5 Re8 17. Qd4 Bf5 18. Rf2 Be4 19. a4 a5 20. Raf1 Rb8 21. h3
h6 22. Kh2 fxe5 23. fxe5 Qg5 24. g3 Kh7 25. Rf7 Bxc2 26. e6 Rxe6 27. h4 Qg6 28.
Bxb6 cxb6 29. Qf4 Rbe8 30. Nd4 Re4 31. Qc7 Rxd4 32. Rxg7+ Qxg7 33. Rf7 Re2+ 34.
Kh3 Bf5+ 0-1

[Event "65. Offene Kölner Stadtmeisterschaft"]
[Site "Arnoldiplatz 1, 50696 Köln"]
[Date "2025.05.28"]
[Round "1.7"]
[White "Hainke, Guntram"]
[Black "Vuka, Alboreno"]
[Result "1-0"]
[WhiteElo "2237"]
[BlackElo "1807"]
[Annotator "Hansel,Rainer"]
[PlyCount "129"]
[EventDate "2025.??.??"]

1. d4 Nf6 2. Nf3 c5 3. e3 d5 4. c4 Nc6 5. cxd5 Nxd5 6. e4 Nf6 7. d5 Nxe4 8. Qd3
Qa5+ 9. Nbd2 Nxd2 10. Bxd2 Nb4 11. Qb5+ (11. Qb3 Qc7 12. a3 Na6 13. Bb5+ Bd7
14. Bxd7+ Qxd7 15. Ne5 Qc7 16. Qb5+ $18) 11... Qxb5 12. Bxb5+ Bd7 13. Bxd7+
Kxd7 14. Bxb4 cxb4 15. Ne5+ Ke8 16. O-O f6 17. Nf3 e5 18. dxe6 Bc5 19. Rac1 b6
20. Rfd1 Rd8 21. Kf1 Ke7 22. Ne1 Rxd1 23. Rxd1 Kxe6 24. Nd3 Bd6 25. Rc1 Kd7 26.
Ke2 a5 27. h3 Ra8 28. Kf3 Re8 29. Rc4 f5 30. g4 fxg4+ 31. hxg4 g6 32. g5 Rf8+
33. Ke3 Re8+ 34. Re4 Bc5+ 35. Kf3 Rf8+ 36. Rf4 Rf5 37. Ke4 Rxg5 38. Rf7+ Ke6
39. Rxh7 Rg4+ 40. Kf3 Rd4 41. Ke2 Rxd3 42. Kxd3 Bxf2 43. Rh2 Bc5 44. Ke4 Kd6
45. Rh6 Kc6 46. Rxg6+ Kb5 47. b3 Be7 48. Kd5 Bc5 49. Rf6 Be7 50. Rc6 Bc5 51.
Rc7 Bf8 52. Ke6 Bc5 53. Kd7 Bf8 54. Kc8 Ka6 55. Rf7 Bc5 56. Kc7 Ka7 57. Kc6+
Kb8 58. Kb5 Kc8 59. Ka6 a4 60. bxa4 Kb8 61. Kb5 Be3 62. Kxb4 Bc5+ 63. Kb5 Bd6
64. Kxb6 Ka8 65. Ra7+ 1-0

[Event "65. Offene Kölner Stadtmeisterschaft"]
[Site "Arnoldiplatz 1, 50696 Köln"]
[Date "2025.05.28"]
[Round "1.8"]
[White "König, Udo"]
[Black "Riemland, Arnold"]
[Result "0-1"]
[WhiteElo "1807"]
[BlackElo "2104"]
[PlyCount "84"]
[EventDate "2025.??.??"]
[WhiteTeam "Elberfelder SG"]
[BlackTeam "SG Kalker/Deutze"]

1. e4 c5 2. c3 Nf6 3. e5 Nd5 4. d4 cxd4 5. cxd4 e6 6. Nc3 d6 7. Nf3 Nc6 8. Bc4
Nxc3 9. bxc3 dxe5 10. d5 exd5 11. Bxd5 Bg4 12. Qb3 Qc7 13. Ng5 Bh5 14. O-O Bd6
15. Ba3 O-O 16. Bxd6 Qxd6 17. Ne4 Qc7 18. Bxc6 Qxc6 19. Rfe1 Rac8 20. Ng3 Bg6
21. Rxe5 Qxc3 22. Rae1 Qxb3 23. axb3 Rc3 24. R5e3 Rxe3 25. Rxe3 Rc8 26. h3 Kf8
27. Ne2 Re8 28. Rxe8+ Kxe8 29. f4 Kd7 30. g4 Bd3 31. Nd4 Kd6 32. Kf2 Kc5 33.
Ke3 Bb1 34. h4 a5 35. f5 b5 36. g5 a4 37. g6 hxg6 38. fxg6 Bxg6 39. bxa4 bxa4
40. Ne2 a3 41. Nc1 Kc4 42. Kd2 Bb1 0-1

[Event "65. Offene Kölner Stadtmeisterschaft"]
[Site "Arnoldiplatz 1, 50696 Köln"]
[Date "2025.05.28"]
[Round "1.9"]
[White "Fohler, Claus"]
[Black "Strnat, Friedrich"]
[Result "1-0"]
[WhiteElo "2227"]
[BlackElo "1760"]
[PlyCount "59"]
[EventDate "2025.??.??"]
[WhiteTeam "Kölner SK Dr. Lasker 186"]
[BlackTeam "SF Rodenkirchen e. V."]

1. f4 d5 2. Nf3 Nf6 3. g3 c5 4. Bg2 Nc6 5. O-O e6 6. b3 Bd6 7. Bb2 Qc7 8. Na3
a6 9. c4 h5 10. e3 Ne7 11. Nc2 Nf5 12. Qe1 Qe7 13. d3 h4 14. e4 hxg3 15. exf5
gxh2+ 16. Nxh2 d4 17. Bc1 Rb8 18. b4 b6 19. Rb1 Bb7 20. bxc5 Bxg2 21. cxd6 Qb7
22. Rf2 Bh3 23. fxe6 fxe6 24. f5 O-O 25. Qxe6+ Kh8 26. Qe7 Qc6 27. Nxd4 Qa4 28.
Ne6 Nh5 29. Bb2 Rg8 30. Qh4 1-0

[Event "65. Offene Kölner Stadtmeisterschaft"]
[Site "Arnoldiplatz 1, 50696 Köln"]
[Date "2025.05.28"]
[Round "1.10"]
[White "Wambecq, Sven"]
[Black "Raasch, Jörg"]
[Result "0-1"]
[WhiteElo "1804"]
[BlackElo "2215"]
[PlyCount "80"]
[EventDate "2025.??.??"]
[BlackTeam "Klub Kölner SF e. V."]

1. e4 e6 2. d4 d5 3. Nd2 c5 4. Ngf3 cxd4 5. Nxd4 Nc6 6. Bb5 Bd7 7. Nxc6 bxc6 8.
Bd3 Bd6 9. Qe2 Qc7 10. Nf3 dxe4 11. Qxe4 Nf6 12. Qh4 Qa5+ 13. Bd2 Qh5 14. Qxh5
Nxh5 15. g3 O-O 16. Bc3 Bc5 17. Ne5 Nf6 18. Rd1 Be8 19. a3 Nd5 20. Bd2 f6 21.
Nf3 Bh5 22. Be2 e5 23. Nh4 Bxe2 24. Kxe2 Rfd8 25. Nf5 g6 26. Ne3 Kf7 27. b4
Bxe3 28. fxe3 Nb6 29. Bc1 Ke6 30. e4 h5 31. Rd3 f5 32. Rhd1 Rd7 33. Rxd7 Nxd7
34. exf5+ gxf5 35. Be3 Nf6 36. Bg5 Ne4 37. Rd8 Rxd8 38. Bxd8 Kd5 39. Kd3 Nd6
40. c4+ Nxc4 0-1

[Event "65. Offene Kölner Stadtmeisterschaft"]
[Site "Arnoldiplatz 1, 50696 Köln"]
[Date "2025.05.29"]
[Round "2.1"]
[White "Karimi, Farhad"]
[Black "Bagrationi, Alexander"]
[Result "0-1"]
[WhiteElo "2054"]
[BlackElo "2406"]
[PlyCount "96"]
[EventDate "2025.??.??"]
[WhiteTeam "Klub Kölner SF e. V."]
[BlackTeam "SV Hemer 1932 e. V."]

1. d4 Nf6 2. Nf3 b6 3. e3 Bb7 4. Bd3 g6 5. Nc3 Bg7 6. O-O d5 7. a4 O-O 8. Ne5
c5 9. f4 Nc6 10. Bb5 Qc8 11. Bxc6 Bxc6 12. a5 e6 13. Bd2 Ne8 14. axb6 axb6 15.
Rxa8 Bxa8 16. Na4 Qc7 17. c3 c4 18. Nxb6 Qxb6 19. Nd7 Qxb2 20. Nxf8 Bxf8 21.
Qc1 Qa2 22. Rd1 Bc6 23. Qb1 Qa4 24. Be1 Nd6 25. Rd2 Nb5 26. Ra2 Ba3 27. Qa1 Qb3
28. h3 f6 29. Bd2 Be8 30. Kh2 g5 31. fxg5 fxg5 32. Be1 Bg6 33. Rf2 Qb1 34. Ra2
Qxa1 35. Rxa1 Kf7 36. Bg3 Ke7 37. Kg1 Kd7 38. Be5 g4 39. hxg4 Kc6 40. Kf2 Kb6
41. Ra2 Bc1 42. Ra1 Bd2 43. Ra8 Nxc3 44. Rb8+ Kc6 45. Rc8+ Kb5 46. Rb8+ Ka4 47.
Rb6 Bd3 48. Rxe6 Ne4+ 0-1

[Event "65. Offene Kölner Stadtmeisterschaft"]
[Site "Arnoldiplatz 1, 50696 Köln"]
[Date "2025.05.29"]
[Round "2.2"]
[White "Garner, Isaac"]
[Black "Langner, Jasper"]
[Result "1-0"]
[WhiteElo "2399"]
[BlackElo "2022"]
[PlyCount "81"]
[EventDate "2025.??.??"]
[WhiteTeam "Hamburger SK von 1830 eV"]
[BlackTeam "Klub Kölner SF e. V."]

1. d4 d5 2. c4 e6 3. Nf3 Nf6 4. Nc3 Bb4 5. cxd5 exd5 6. Bf4 Ne4 7. Rc1 Nc6 8.
Nd2 g5 9. Be3 Nxc3 10. bxc3 Ba3 11. Rb1 f5 12. g3 O-O 13. Qb3 Be7 14. f4 Na5
15. Qa4 c6 16. Bg2 b5 17. Qc2 g4 18. h3 Rf7 19. hxg4 fxg4 20. Rh5 Qf8 21. Bf2
Bf5 22. e4 Bg6 23. Re5 dxe4 24. Bxe4 Bxe4 25. Qxe4 Bf6 26. Re6 Re7 27. f5 h5
28. Kf1 Rae8 29. Kg2 Qf7 30. Re1 Bg5 31. Nb3 Nxb3 32. axb3 Rxe6 33. fxe6 Qf3+
34. Qxf3 gxf3+ 35. Kxf3 Kg7 36. c4 bxc4 37. bxc4 Bd2 38. Rd1 Bc3 39. d5 cxd5
40. cxd5 Rf8+ 41. Kg2 1-0

[Event "65. Offene Kölner Stadtmeisterschaft"]
[Site "Arnoldiplatz 1, 50696 Köln"]
[Date "2025.05.29"]
[Round "2.3"]
[White "Cramer, Volker"]
[Black "Morawietz, Dieter"]
[Result "0-1"]
[WhiteElo "2041"]
[BlackElo "2334"]
[PlyCount "92"]
[EventDate "2025.??.??"]
[WhiteTeam "Kölner SK Dr. Lasker 186"]
[BlackTeam "Klub Kölner SF e. V."]

1. d4 e6 2. Nf3 c5 3. e3 Nf6 4. Bd3 Nc6 5. O-O Qc7 6. b3 cxd4 7. exd4 Nb4 8. c4
Nxd3 9. Qxd3 d6 10. Bg5 Be7 11. Nc3 O-O 12. Ne4 Nxe4 13. Qxe4 f6 14. Be3 Bd7
15. Qd3 Be8 16. Nd2 Bg6 17. Qe2 Rfe8 18. f4 Qa5 19. Nf3 Qh5 20. Bd2 Bf8 21.
Rfe1 Rac8 22. h3 d5 23. c5 Be4 24. b4 b6 25. Bc3 Qg6 26. Nd2 Bf5 27. Kh2 h5 28.
Nf3 Be4 29. Nd2 Bd3 30. Qf3 Bf5 31. Re3 Qh6 32. Rae1 bxc5 33. bxc5 Rc6 34. a3
Rb8 35. Bb4 Be7 36. Nb3 Bd8 37. g3 Bc7 38. Qf2 h4 39. Bd2 Ra6 40. Rf3 Rxa3 41.
Nc1 Rxf3 42. Qxf3 Rb2 43. Re2 hxg3+ 44. Kg1 Qxh3 45. Be1 Rb1 46. Bd2 Be4 0-1

[Event "65. Offene Kölner Stadtmeisterschaft"]
[Site "Arnoldiplatz 1, 50696 Köln"]
[Date "2025.05.29"]
[Round "2.4"]
[White "Turgut, Hakan"]
[Black "Harringer, Manfred"]
[Result "1-0"]
[WhiteElo "2191"]
[BlackElo "2027"]
[PlyCount "175"]
[EventDate "2025.??.??"]
[WhiteTeam "Satranç Club 2000 e. V."]
[BlackTeam "Bergische SF Bergisch"]

1. e4 c6 2. d3 d5 3. Nd2 g6 4. g3 Bg7 5. Bg2 dxe4 6. dxe4 Nf6 7. Ngf3 O-O 8.
O-O Qc7 9. Nc4 Be6 10. Qe2 Na6 11. Ng5 Bg4 12. f3 Bd7 13. Nh3 b5 14. Ne3 Nc5
15. Nf2 a5 16. f4 e5 17. f5 gxf5 18. exf5 Rfe8 19. g4 e4 20. g5 Nd5 21. Nh3 Qe5
22. Qf2 Bf8 23. Kh1 Nb7 24. g6 Nd6 25. gxh7+ Kh8 26. Ng5 f6 27. Nxd5 Qxd5 28.
Ne6 Bxe6 29. fxe6 Qxe6 30. Qg3 Bg7 31. Bh3 Qe7 32. Bf4 Rad8 33. Rg1 Rf8 34.
Rad1 Ne8 35. Bf5 Rxd1 36. Rxd1 Qb4 37. Rg1 Qe7 38. h4 Rf7 39. h5 e3 40. Qxe3
Qxe3 41. Bxe3 Nd6 42. Bg6 Re7 43. Bf4 Ne4 44. h6 Bf8 45. Bxe4 Rxe4 46. Rf1 Bxh6
47. Bxh6 Rh4+ 48. Kg2 Rxh6 49. Rd1 Rg6+ 50. Kf3 Kxh7 51. Rd7+ Kh6 52. Rc7 f5
53. Kf4 Rf6 54. a4 bxa4 55. Ra7 c5 56. Rxa5 Rb6 57. Rxa4 Rxb2 58. Rc4 Kg6 59.
Rxc5 Rb1 60. Rc6+ Kf7 61. Kxf5 Ke7 62. Ke5 Kd7 63. Rh6 Rc1 64. Rh2 Kc6 65. Kd4
Rg1 66. Rh6+ Kc7 67. c4 Rg5 68. Kc3 Rf5 69. Kb4 Rf7 70. Kb5 Rg7 71. c5 Rf7 72.
Ra6 Rf5 73. Ra7+ Kb8 74. Rd7 Kc8 75. Rd6 Kc7 76. Rg6 Rf7 77. Rc6+ Kb7 78. Rb6+
Kc7 79. Ra6 Rf8 80. Ra7+ Kb8 81. Re7 Rf6 82. Kc4 Kc8 83. Kd5 Rh6 84. Ra7 Kb8
85. Rd7 Kc8 86. Rd6 Rxd6+ 87. Kxd6 Kd8 88. c6 1-0

[Event "65. Offene Kölner Stadtmeisterschaft"]
[Site "Arnoldiplatz 1, 50696 Köln"]
[Date "2025.05.29"]
[Round "2.5"]
[White "Van den Bosch, Arno"]
[Black "Coenen, Michael"]
[Result "0-1"]
[WhiteElo "2025"]
[BlackElo "2319"]
[PlyCount "64"]
[EventDate "2025.??.??"]
[BlackTeam "SF Essen-Werden 1924/"]

1. e4 d6 2. d4 Nf6 3. Bd3 e5 4. Nf3 Nbd7 5. c3 Be7 6. O-O O-O 7. Nbd2 c6 8. Re1
Re8 9. dxe5 dxe5 10. Nc4 Qc7 11. Bg5 b5 12. Ne3 Nc5 13. Qc2 Be6 14. Bxf6 Bxf6
15. Bf1 a5 16. h3 h5 17. Nd2 Be7 18. Nb3 Nd7 19. Rad1 g6 20. g3 h4 21. Kh2 Nf6
22. g4 Nh7 23. Nd2 Ng5 24. Bg2 a4 25. Ra1 Red8 26. Nf3 Nxf3+ 27. Bxf3 Bg5 28.
Bg2 Rd7 29. b3 Qa7 30. Rad1 Rxd1 31. Qxd1 axb3 32. axb3 Qa2 0-1

[Event "65. Offene Kölner Stadtmeisterschaft"]
[Site "Arnoldiplatz 1, 50696 Köln"]
[Date "2025.05.29"]
[Round "2.6"]
[White "Grabowski, Pawel"]
[Black "Loeschcke, Christian"]
[Result "1-0"]
[WhiteElo "2206"]
[BlackElo "2016"]
[PlyCount "33"]
[EventDate "2025.??.??"]
[WhiteTeam "SC Remagen-Sinzig e.V."]
[BlackTeam "Kölner SK Dr. Lasker 186"]

1. d4 Nf6 2. Nf3 g6 3. Bf4 c5 4. c3 b6 5. e3 Bg7 6. h3 O-O 7. Nbd2 Bb7 8. Be2
d6 9. O-O Na6 10. Bh2 Nc7 11. b4 Qd7 12. Qb3 cxb4 13. cxb4 b5 14. Rfe1 a5 15.
bxa5 Rxa5 16. Qc3 Ncd5 17. Qxa5 1-0

[Event "65. Offene Kölner Stadtmeisterschaft"]
[Site "Arnoldiplatz 1, 50696 Köln"]
[Date "2025.05.29"]
[Round "2.7"]
[White "Krupke, Sven"]
[Black "Stillger, Bernhard"]
[Result "0-1"]
[WhiteElo "1938"]
[BlackElo "2224"]
[PlyCount "80"]
[EventDate "2025.??.??"]
[WhiteTeam "SK Landshut"]
[BlackTeam "SV Mülheim-Nord 1931 e"]

1. d4 Nf6 2. Nf3 g6 3. Nbd2 c5 4. e3 d5 5. dxc5 Qa5 6. a3 Qxc5 7. b4 Qd6 8. Bb2
Bg7 9. c4 O-O 10. Qb3 Nbd7 11. c5 Qc7 12. Rc1 e5 13. Be2 e4 14. Nd4 Ne5 15. b5
Bg4 16. Bf1 Rac8 17. h3 Bd7 18. Be2 Rfe8 19. O-O h5 20. Rc2 h4 21. f4 exf3 22.
N2xf3 Nc4 23. Bxc4 dxc4 24. Qxc4 Rxe3 25. c6 bxc6 26. Ng5 Be8 27. Nde6 fxe6 28.
Bxf6 Bxf6 29. Rxf6 Qg3 30. Ne4 Re1+ 31. Rf1 Qe3+ 32. Nf2 Rxf1+ 33. Kxf1 Qe5 34.
Re2 Qd5 35. Qc2 Rc7 36. Ne4 Rf7+ 37. Kg1 cxb5 38. Rd2 Qe5 39. Nd6 Qe1+ 40. Kh2
Rf1 0-1

[Event "65. Offene Kölner Stadtmeisterschaft"]
[Site "Arnoldiplatz 1, 50696 Köln"]
[Date "2025.05.29"]
[Round "2.8"]
[White "Annak, Ulas"]
[Black "Hainke, Guntram"]
[Result "1/2-1/2"]
[WhiteElo "2015"]
[BlackElo "2237"]
[PlyCount "152"]
[EventDate "2025.??.??"]
[WhiteTeam "Vereinigung der Schachsportfreun"]

1. d4 d5 2. c4 e6 3. Nc3 Nf6 4. cxd5 Nxd5 5. e4 Nxc3 6. bxc3 c5 7. Nf3 cxd4 8.
cxd4 Bb4+ 9. Bd2 Bxd2+ 10. Qxd2 O-O 11. Bc4 Nd7 12. O-O Nf6 13. Rfe1 b6 14. Ne5
Bb7 15. f3 Rc8 16. Rac1 Qe7 17. a4 Rfd8 18. Red1 Nd7 19. Nd3 Nb8 20. Nf4 e5 21.
Nd5 Bxd5 22. Bxd5 Nd7 23. a5 Kf8 24. dxe5 Nxe5 25. axb6 axb6 26. Qe3 Rc5 27.
Rxc5 Qxc5 28. Qxc5+ bxc5 29. Kf1 Ke7 30. Ke2 Rb8 31. Rd2 g5 32. Ra2 c4 33. Ke3
c3 34. Kd4 Rc8 35. Rc2 Kd6 36. Rxc3 Rxc3 37. Kxc3 Kc5 38. Ba2 h5 39. Kd2 Kd4
40. Ke2 h4 41. g3 hxg3 42. hxg3 f6 43. Be6 Nd3 44. Bc8 Nc1+ 45. Kf2 Nd3+ 46.
Ke2 Nc1+ 47. Kd1 Nd3 48. Kd2 Ne5 49. Ke2 Nd3 50. Ba6 Nc5 51. Bb5 Ne6 52. Bc6
Nc5 53. Ba8 Nd3 54. Kd2 Nc5 55. Ke2 Nd3 56. Bb7 Nc5 57. Bc6 Nd3 58. Bb5 Nc5 59.
Kf2 Ne6 60. Ba4 Nc5 61. Be8 Nd3+ 62. Ke2 Nc1+ 63. Kd2 Nd3 64. Bg6 Ne5 65. Bh5
Nd3 66. Bg4 Ne5 67. Bh5 Nd3 68. Ke2 Nc1+ 69. Kf2 Nd3+ 70. Ke2 Ne5 71. Kf1 Ke3
72. Kg2 Nd3 73. Kh3 Ne5 74. Kg2 Nd3 75. Kh3 Ne5 76. Kg2 Nd3 1/2-1/2

[Event "65. Offene Kölner Stadtmeisterschaft"]
[Site "Arnoldiplatz 1, 50696 Köln"]
[Date "2025.05.29"]
[Round "2.9"]
[White "Riemland, Arnold"]
[Black "Sop, Selen"]
[Result "1-0"]
[WhiteElo "2104"]
[BlackElo "1963"]
[PlyCount "125"]
[EventDate "2025.??.??"]
[WhiteTeam "SG Kalker/Deutze"]
[BlackTeam "SG Rochade Brauw"]

1. d4 Nf6 2. Bf4 d5 3. Nf3 c5 4. e3 Qb6 5. b3 Bg4 6. Be2 e6 7. O-O Nc6 8. c3
Be7 9. a4 cxd4 10. exd4 O-O 11. b4 a6 12. Nbd2 Rfc8 13. Rc1 h6 14. Bd3 Qd8 15.
h3 Bf5 16. Qe2 g5 17. Bh2 g4 18. Ne5 gxh3 19. Bxf5 hxg2 20. Rfe1 Nxe5 21. dxe5
exf5 22. exf6 Bxf6 23. Be5 Rc6 24. Bxf6 Qxf6 25. Qe5 Qg6 26. Qh2 Kh7 27. Re3 f4
28. Qxf4 Rf6 29. Qg3 Qh5 30. Qh3 Qg5 31. Nf3 Qf4 32. Qg3 Qf5 33. Nd4 Qd7 34.
Rce1 Rg8 35. Qh4 Rgg6 36. Rg3 Qxa4 37. Rxg6 Rxg6 38. Qe7 Kg8 39. Qd8+ Kh7 40.
Qe7 Kg8 41. Qd8+ Kh7 42. Qxd5 Rf6 43. Qe4+ Kg8 44. Qe5 Rg6 45. Nf5 Kh7 46. Qe7
Qa2 47. Nh4 Rg4 48. f3 Rg5 49. Qe4+ Kg8 50. f4 Rg3 51. Qd4 Kh7 52. Nf5 Rg6 53.
c4 Qc2 54. Ne3 Qb3 55. f5 Rg5 56. Qd2 h5 57. Qd5 Kg7 58. Qe5+ Kg8 59. Qe8+ Kg7
60. Qe7 Rg4 61. Nxg4 hxg4 62. Qg5+ Kf8 63. Qh6+ 1-0

[Event "65. Offene Kölner Stadtmeisterschaft"]
[Site "Arnoldiplatz 1, 50696 Köln"]
[Date "2025.05.29"]
[Round "2.10"]
[White "Wenzke, Elias"]
[Black "Fohler, Claus"]
[Result "0-1"]
[WhiteElo "1993"]
[BlackElo "2227"]
[PlyCount "41"]
[EventDate "2025.??.??"]
[WhiteTeam "Aachener SV 1856 e. V."]
[BlackTeam "Kölner SK Dr. Lasker 186"]

1. d4 d5 2. c4 e6 3. Nf3 Nf6 4. Nc3 a6 5. c5 b6 6. cxb6 c5 7. Bf4 Qxb6 8. Na4
Qb7 9. Nxc5 Bxc5 10. dxc5 Nc6 11. e3 Qxb2 12. Bd3 e5 13. O-O exf4 14. Qa4 Bd7
15. Rab1 Qc3 16. Bf5 Rc8 17. Bxd7+ Nxd7 18. Qxa6 O-O 19. Rfc1 Qf6 20. Rb7 Nce5
21. Nxe5 0-1

[Event "65. Offene Kölner Stadtmeisterschaft"]
[Site "Arnoldiplatz 1, 50696 Köln"]
[Date "2025.05.29"]
[Round "3.1"]
[White "Bagrationi, Alexander"]
[Black "Kanli, Kaan"]
[Result "1-0"]
[WhiteElo "2406"]
[BlackElo "2123"]
[PlyCount "77"]
[EventDate "2025.??.??"]
[WhiteTeam "SV Hemer 1932 e. V."]
[BlackTeam "SG Rochade Brauw"]

1. d4 Nf6 2. c4 e6 3. Nf3 d5 4. g3 dxc4 5. Bg2 Nc6 6. Qa4 Bb4+ 7. Bd2 Nd5 8.
Bxb4 Ndxb4 9. O-O O-O 10. a3 Nd5 11. Qxc4 a5 12. Rd1 Nce7 13. Nbd2 b6 14. e4
Ba6 15. Qc2 Nf6 16. Nf1 Rc8 17. Ne3 Bb7 18. Ne5 Qe8 19. b4 Nc6 20. Qc3 Na7 21.
f3 a4 22. Rac1 Ba6 23. Qc2 Bb5 24. f4 Nd7 25. N5c4 Qe7 26. Nb2 c5 27. bxc5 bxc5
28. d5 exd5 29. Nxd5 Qe6 30. Nxa4 Bxa4 31. Qxa4 Nc6 32. e5 Nd4 33. f5 Qh6 34.
Qxd7 Ne2+ 35. Kf2 Nxc1 36. Ne7+ Kh8 37. Nxc8 Nb3 38. Qe7 g6 39. Rd8 1-0

[Event "65. Offene Kölner Stadtmeisterschaft"]
[Site "Arnoldiplatz 1, 50696 Köln"]
[Date "2025.05.29"]
[Round "3.2"]
[White "Marcks, Martin"]
[Black "Garner, Isaac"]
[Result "0-1"]
[WhiteElo "2117"]
[BlackElo "2399"]
[PlyCount "50"]
[EventDate "2025.??.??"]
[WhiteTeam "Betriebssportgemeinschaft Rheinp"]
[BlackTeam "Hamburger SK von 1830 eV"]

1. Nf3 d5 2. d4 Nf6 3. Bf4 c5 4. e3 Nc6 5. c3 Qb6 6. Qb3 c4 7. Qxb6 axb6 8. Na3
Ra5 9. h3 h6 10. g4 h5 11. g5 Ne4 12. Nb1 b5 13. Nfd2 Nxd2 14. Kxd2 Bf5 15. Bg2
e6 16. f3 Bd3 17. Re1 Kd7 18. Bf1 Bxf1 19. Rxf1 b4 20. Kc1 Be7 21. Nd2 Rha8 22.
Kb1 bxc3 23. bxc3 b5 24. h4 b4 25. cxb4 Bxb4 0-1

[Event "65. Offene Kölner Stadtmeisterschaft"]
[Site "Arnoldiplatz 1, 50696 Köln"]
[Date "2025.05.29"]
[Round "3.3"]
[White "Morawietz, Dieter"]
[Black "Restorff, Felix"]
[Result "1-0"]
[WhiteElo "2334"]
[BlackElo "2114"]
[PlyCount "79"]
[EventDate "2025.??.??"]
[WhiteTeam "Klub Kölner SF e. V."]
[BlackTeam "SV Blau-Weiß Concordia 07/24 Vie"]

1. e4 e5 2. Bc4 Nf6 3. d3 c6 4. Bb3 d5 5. Nd2 Bd6 6. Ngf3 Nbd7 7. O-O O-O 8.
Re1 dxe4 9. dxe4 Nc5 10. Nc4 Nxb3 11. axb3 Bc7 12. Qxd8 Rxd8 13. Nfxe5 Nxe4 14.
Bf4 Nd6 15. Nxc6 bxc6 16. Bxd6 Bxd6 17. Nxd6 Be6 18. Red1 Bd5 19. Nf5 Re8 20.
b4 Rab8 21. c3 Re2 22. Rxa7 Rxb2 23. h4 Be4 24. Ne3 h5 25. Rdd7 Bg6 26. Rac7
Ra8 27. Nd1 Rb1 28. Kh2 Ra6 29. Kg3 Ra3 30. f3 Ra6 31. Kf4 Rc1 32. Rd6 Raa1 33.
Rd8+ Kh7 34. Rcc8 Bc2 35. Rh8+ Kg6 36. Rxc6+ f6 37. Ne3 Bb3 38. Rc7 Be6 39. g4
hxg4 40. h5# 1-0